000 00439nab a2200145Ia 4500
003 ES-SlBCS
005 20210601141627.0
008 140529s1968 xxu||||| |||| 00| 0 spa d
041 _aspa
100 1 _aRubí, Basili de
_9130314
245 0 0 _aLos capuchinos en la revolución de Barcelona de 1789
_c Basili de Rubí
610 2 4 _aCapuchinos
_996368
773 0 _tEstudios Franciscanos
_gvol. 69, 1968, págs. 337-354
_wRev191
942 _cAR
999 _c663819
_d663819